00235nam a22000977a 4500020001500000082001100015100001700026245005300043260003200096300000900128 a8130907887 a302.23 aT.J.S.George aLessons in journalism the story of Pothan Joseph aNew DelhibViva Booksc2007 a263p